000
00322nam a22001457a 4500
008
210429b ||||| |||| 00| 0 eng d
020
_a
9780486270678
041
_a
eng
080
_a
82
082
_a
82
100
_a
21
101
_a
GJL
245
_a
A Midsummer Night's Dream
_c
William Shakespear
942
_2
udc
_c
BK
999
_c
57019
_d
57019